Culture Générale - Série 2187 - Statistiques

Statistiques générales
  • Ce quiz a été pris 102 fois
  • Le résultat moyen est 5 sur 10
Statistiques - réponses
Question Réponse % Correct
Quelle ville a été surnommée "Sin City" (la ville du péché) ? Las Vegas
73%
Quelle ancienne ministre de la santé et des sports est animatrice de radio et de télévision française. ? prénom et nom - voir photo Roselyne Bachelot
73%
Dans quel sport, le couple Tony Yoka / Estelle Mossely a-t-il remporté des médailles d’or aux JO 2016 ? boxe
66%
Dans quelle ville italienne se trouve la tour Pirelli ? Milan
61%
Comment s'appellent les habitants de Pau ? Palois
61%
Quel chanteur français interprète de « Chez Laurette » est décédé en janvier 2016 ? prénom et nom Michel Delpech
58%
Comment se prénomme le majordome du capitaine Haddock au château de Moulinsart dans les albums de Tintin? Nestor
58%
Quel est le prénom de l’architecte Niemeyer, qui réalisa de nombreux édifices à Brasilia ? Oscar
41%
Quel ancien premier ministre français est décédé en juillet 2016 ? prénom et nom Michel Rocard
31%
Dans un jeu de cartes traditionnel, quel est le prénom du valet de cœur ? Lahire
13%
Aucun quiz correspondant
Distribution des résultats
% des personnes avec chaque résultat
Percentile par nombre de réponses
Votre historique - résultats
Vous n’avez pas pris ce quiz